Global overview of the conservation of migratory arctic breeding birds outside the arctic
This report focuses on international agreements regarding the control and prevention of marine pollution, air pollution and nuclear activities, although some reference is also made to the major international agreements dealing with wildlife and protected areas,...
Đã lưu trong:
| 主要作者: | |
|---|---|
| 格式: | 圖書 |
| 語言: | Undetermined |
| 出版: |
Greenland
Wetlands International
1998
|
| 主題: | |
| 標簽: |
添加標簽
沒有標簽, 成為第一個標記此記錄!
|
| Thư viện lưu trữ: | Trung tâm Học liệu Trường Đại học Cần Thơ |
|---|
| LEADER | 00884nam a2200205Ia 4500 | ||
|---|---|---|---|
| 001 | CTU_142662 | ||
| 008 | 210402s9999 xx 000 0 und d | ||
| 082 | |a 591.5 | ||
| 082 | |b S425 | ||
| 100 | |a Scott, Derek A. | ||
| 245 | 0 | |a Global overview of the conservation of migratory arctic breeding birds outside the arctic | |
| 245 | 0 | |c Derek A. Scott | |
| 260 | |a Greenland | ||
| 260 | |b Wetlands International | ||
| 260 | |c 1998 | ||
| 520 | |a This report focuses on international agreements regarding the control and prevention of marine pollution, air pollution and nuclear activities, although some reference is also made to the major international agreements dealing with wildlife and protected areas,... | ||
| 650 | |a Animal migration,Động vật di cư,Migratory birds | ||
| 650 | |z Arctic | ||
| 904 | |i Năm | ||
| 980 | |a Trung tâm Học liệu Trường Đại học Cần Thơ | ||